000 01125cam a22003737a 4500
003 CHAP
005 20220817041243.0
008 971013s1993 it r 00010 spa d
010 _a9697
011 _a10669
035 _a9907
040 _cCHAP
082 0 0 _a630
_bF3Y v.103
110 1 _aFAO
245 1 3 _aLa banca y el medio ambiente
260 _aRoma :
_bFAO,
_c1993
300 _a81 p.
410 2 0 _aFAO
490 0 _aFAO. Servicios agrícolas
_v; 103
590 _aBATCH-UPD
_b10
_c20130110
_lUCH01
_h1626
590 _aBATCH-UPD
_b10
_c20130410
_lUCH01
_h1020
590 _aBATCH-UPD
_b10
_c20130914
_lUCH01
_h0532
590 _aCONVERSION
_b10
_c20130109
_lUCH01
_h1306
650 1 4 _aBancos y operaciones bancarias.
_99913
650 1 4 _aMedio ambiente.
_974065
700 0 _aBarker, D. C.
_910199
700 0 _aGudger, W. M.
_951084
810 0 _aFAO
830 0 0 _aFAO. Servicios agrícolas
_v; 103
_939697
901 _aBK
942 _cLIBRO
949 _a630 F3Y v.103
_bBC
_cFAO
_d-21074
_eFAO1
_h86277
_i9907
_mD
_si
949 _a630 F3Y v.103
_bBC
_cFAO
_d33724000737193
_eFAO2
_fc.2
_gI. c/e
_h96035
_i9907
_sb
_t82.00
999 _c9697
_d9697